Награды сотрудников ТПУ в 2013 году; Томский политехник; Вып. 19

Библиографические подробности
Источник:Томский политехник: ежегодный журнал/ Томский политехнический университет (ТПУ), Ассоциация выпускников.— , 1995-
Вып. 19.— 2014.— [С. 112-115]
Примечания:Заглавие с титульного листа
Язык:русский
Опубликовано: 2014
Предметы:
Online-ссылка:http://earchive.tpu.ru/handle/11683/38269
Формат: Электронный ресурс Статья
Запись в KOHA:https://koha.lib.tpu.ru/cgi-bin/koha/opac-detail.pl?biblionumber=331704

MARC

LEADER 00000nla2a2200000 4500
001 331704
005 20231101025951.0
035 |a (RuTPU)RU\TPU\book\357563 
035 |a RU\TPU\book\357560 
090 |a 331704 
100 |a 20170502d2014 km y0rusy50 ca 
101 0 |a rus 
102 |a RU 
135 |a drnn ---uucaa 
181 0 |a i  
182 0 |a b 
200 1 |a Награды сотрудников ТПУ в 2013 году  |b Электронный ресурс 
203 |a Текст  |c электронный 
215 |a 1 файл (412 Kb) 
230 |a Электронные текстовые данные (1 файл : 412 Kb) 
300 |a Заглавие с титульного листа 
461 1 |0 (RuTPU)RU\TPU\book\202435  |t Томский политехник  |o ежегодный журнал  |f Томский политехнический университет (ТПУ), Ассоциация выпускников  |d 1995- 
463 1 |0 (RuTPU)RU\TPU\book\357516  |t Вып. 19  |v [С. 112-115]  |d 2014 
610 1 |a труды учёных ТПУ 
610 1 |a электронный ресурс 
610 1 |a ТПУ 
610 1 |a награды 
610 1 |a геология 
610 1 |a высшая школа 
610 1 |a премии 
610 1 |a Томская область 
801 1 |a RU  |b 63413507  |c 20101101 
801 2 |a RU  |b 63413507  |c 20170505  |g RCR 
856 4 |u http://earchive.tpu.ru/handle/11683/38269 
942 |c CF